=LDR 00000nam 2200000 4500 =001 INLIS000000000008847 =005 20130612100653 =008 ***********************************Ind** =035 ##$$0010-061300000008847 =041 ##$$a Ind =082 ##$$a F Rom D =090 ##$$a F Rom D, Chr a =100 ##$$a Cristie, Agatha =245 ##$$a Anjing Kematian, Agatha Cristie, alih bahasa, Tanti Lesmana =260 ##$$a 2001 $b Jakarta =300 ##$$a 320 hlm, 18 cm =650 ##$$a Fiksi Dewasa -Terjmahan =850 ##$$a NBPNMAT